Exclusión escolar: el lazo social fragmentado /
Enregistré dans:
| Auteur principal: | |
|---|---|
| Autres auteurs: | |
| Format: | Texte |
| Tags: |
Ajouter un tag
Pas de tags, Soyez le premier à ajouter un tag!
|
MARC
| LEADER | 00000 a a2200000 04500 | ||
|---|---|---|---|
| 001 | 41031 | ||
| 003 | |||
| 040 | |||
| 100 | |a Kaufmann Kappari, Etty | ||
| 245 | |a Exclusión escolar: |b el lazo social fragmentado / |c Etty Kaufmann Kappari; Milagros Jaime Arteaga | ||
| 700 | |a Jaime Arteaga, Milagros | ||
| 773 | |g número1 ( , 2009), 509-518 | ||
| 999 | |c 27737 |d 27737 | ||
